000 00883 a2200229 4500
001 60603
005 20260407155857.0
008 260407a1985 arg spa d
003 AR-UNSa-BCEJYS
040 _aAR-UNSa-BCEJYS
_bspa
_cAR-UNSa-BCEJYS
080 _a321.01
_xTeoría general del Estado. Teoría y filosofía del poder. Estado y territorio. Autoridad y oposición. Usurpación (Filosofía política)
245 1 0 _aEl estado
_pLa lògica del poder político
020 _a978-84-206-2749-6
264 1 _aMadrid :
_bAlianza Editorial
_c1985
300 _a338 p.
_c20 cm.
505 _a1. El estado capitalista - 2. El estado adversario – 3. Valores democráticos – 4. Redistribución – 5. Capitalismo de estado
041 _aspa
942 _cBK
590 _aniveau_biblio:m niveau_hierar:0
100 1 _aDe Jasay, Anthony
700 1 _aCaparrós Valderrama, Rafael
999 _c7061
_d7061